000 00190nam a22000977a 4500
245 _aFirst Illustrated Dictionary
250 _a2013
260 _bPinnacle
300 _a168
942 _2ddc
_cBK
999 _c12133
_d12133